Quizzes
Events
Quiz Creation
Community
Videos
Private Events
Remove Ads
Sign In
Join for FREE
Feedback
Dark Mode
Quiz Categories
Sports
Geography
Music
Movies
Television
Just For Fun
Miscellaneous
History
Literature
Language
Science
Gaming
Entertainment
Religion
Holiday
For Kids
Quiz Lab
Recent
Popular Today
Quiz Kudos Today
Editor Picks
Curator Picks
Quizzes by...
Day
Popularity
Type
Ratings
Length
Year
Community
Subscriptions
Recent Discussions
Orange Saloon
Badges
Playlists
Quests
Create
Leaderboards
Showdown
Live 5
Trivia Bingo
Activity
Puzzle Library
Sporcle Events
Private Events
Virtual Trivia
Globe League
Become a Host
Pub Owners
SporcleCon
Opinionation
Our Games
Videos
Blog
Mobile Apps
Partnerships
Remove Ads and Go Orange
Feedback
Music
Pop Music
The Beatles
Song
Album
Lyrics
Bands
Singers
Artist
Clip
Rock
Rap
Classical
Billboard
Country Music
Kpop
Taylor Swift
Music
Pop Music
The Beatles
Song
Album
Lyrics
Bands
Singers
Artist
Clip
Rock
Rap
Classical
Billboard
Country Music
Kpop
Taylor Swift
Random Quiz
Search Sporcle
×
Quiz Lab
Quiz Lab
Music
Artist
Type in answers that appear in a list
Type in answers that appear in a list
Classic
Best Score? Go Orange.
Nu Metal Bands Stats
Can you name the Nu Metal Bands?
By
csb93
20m
219 Questions
339 Plays
339 Plays
339 Plays
Comments
Comments
Give Quiz Kudos
Give Quiz Kudos
-
- Ratings
hide this ad
Replay
Link that replays current quiz
Next Quiz
Link to next quiz in quiz playlist
You Got
0%
They Got
Avg Score
24%
Avg Friend Score
Upgrade to see
Score Distribution
Jump to the score distribution portion of the page
Score
0/219
Timer
20:00
0
Plays Today
Debut Album
Band
% Correct
Korn (1994)
Korn
95%
Slipknot (1999)
Slipknot
91.9%
System of a Down (1998)
System of a Down
86.1%
Three Dollar Bill, Y'all (1997)
Limp Bizkit
85.3%
Hybrid Theory (2000)
Linkin Park
84.1%
The Sickness (2000)
Disturbed
81.4%
From One (2002)
Ra
81.3%
Rage Against the Machine (1992)
Rage Against the Machine
79.5%
Godsmack (1998)
Godsmack
77.7%
Adrenaline (1995)
Deftones
75.8%
Sevendust (1997)
Sevendust
75.5%
L.D. 50 (2000)
Mudvayne
72.3%
Coal Chamber (1997)
Coal Chamber
70.8%
Saliva (1997)
Saliva
70.3%
Sinner (2001)
Drowning Pool
67.3%
Soulfly (1998)
Soulfly
67%
Wisconsin Death Trip (1999)
Static-X
66.7%
Skillet (1996)
Skillet
65.9%
Three Days Grace (2003)
Three Days Grace
65.9%
Flyleaf (2005)
Flyleaf
61.7%
Fallen (2003)
Evanescence
61.4%
Adema (2001)
Adema
60.8%
Mushroomhead (1995)
Mushroomhead
59%
Tormented (1996)
Staind
58.6%
Fungus Amongus (1995)
Incubus
57.2%
Spit (2000)
Kittie
56.6%
Snuff the Punk (1994)
P.O.D.
56%
Hed PE (1997)
Hed PE
55.2%
Crossfade (2004)
Crossfade
54.2%
Old Friends from Young Years (1997)
Papa Roach
53.5%
Cold (1998)
Cold
53.4%
Hellbilly Deluxe: 13 Tales of Cadaverous Cavorting Inside the Spookshow International (1998)
Rob Zombie
53.1%
Zebrahead (1998)
Zebrahead
51.6%
12 Stones (2002)
12 Stones
51.3%
Get Some (1997)
Snot
49.5%
Gift (2000)
Taproot
47.6%
Candyass (1998)
Orgy
47.3%
Portrait of an American Family (1994)
Marilyn Manson
45.7%
Burn My Eyes (1994)
Machine Head
44.8%
My Own Prison (1997)
Creed
44.7%
Ultraspank (1998)
Ultraspank
44.7%
Revolution Revolución (2001)
Ill Niño
44.5%
The Blood-
Splat Rating System/
Mega!! Kung Fu Radio (1995/
1997)
Powerman 5000
44%
The Gift of Game (1999)
Crazy Town
43.7%
Nothingface Demos (1993-
94)
Nothingface
43.7%
Soul of a New Machine (1992)
Fear Factory
43.4%
Greatest Hits (1999)
Alien Ant Farm
41%
Felons and Revolutionaries (1999)
Dope
41%
Strictly Diesel (1998)
Spineshank
40.7%
Methods of Mayhem (1999)
Methods of Mayhem
40.1%
Come Clean (2001)
Puddle of Mudd
39.9%
Puya (1995)
Puya
39.9%
Project 86 (1998)
Project 86
39.6%
Breed 77 (2000)
Breed 77
39.2%
Disclaimer (2002)
Seether
38.8%
Amalgamation (1999)
Trapt
38.8%
Point #1 (1999)
Chevelle
37.8%
Herzeleid (1995)
Rammstein
37.7%
Downthesun (2002)
Downthesun
35.9%
Separate Yourself (1997)
Nonpoint
35.7%
A.N.I.M.A.L. (1993)
A.N.I.M.A.L.
35.2%
Motograter (2003)
Motograter
34.5%
Lifer (2001)
Lifer
34.4%
Saint Asonia (2015)
Saint Asonia
34.1%
The Deadlights (2000)
The Deadlights
33.7%
Blindside (1997)
Blindside
33.3%
The Darker Side of Nonsense (2001)
Dry Kill Logic
33%
Introduction to Mayhem (2000)
Primer 55
32.2%
Boiler Room (1996)
Boiler Room
31.9%
Trepanation (1999)
American Head Charge
31.6%
Swan Songs (2008)
Hollywood Undead
31.6%
Quarashi (1997)
Quarashi
31.5%
Throttle Junkies (1999)
Soil
31.1%
Debut Album
Band
% Correct
Demon Hunter (2002)
Demon Hunter
30.7%
Darwin's Waiting Room (1996)
Darwin's Waiting Room
30.4%
Grits Sandwiches for Breakfast (1990)
Kid Rock
30.4%
Mer de Noms (2000)
A Perfect Circle
30%
Professional Murder Music (2001)
Professional Murder Music
30%
Videodrone (1999)
Videodrone
30%
Through the Eyes (2001)
Flaw
29.8%
They Sure Don't Make Basketball Shorts Like They Used To (1998)
Hoobastank
29.8%
The Way of the Fist (2007)
Five Finger Death Punch
29.3%
Seo Tai Ji (1998)
Seo Taiji
29.3%
SLOT1 (2003)
Slot
29.3%
Music (1993)
311
28.9%
4Lyn (2001)
4Lyn
28.9%
Pass Out of Existence (2001)
Chimaira
28.9%
Issues (2014)
Issues
28.6%
Leave a Whisper (2003)
Shinedown
28.6%
Babylon (2002)
Skindred
27.8%
No One (2001)
No One
27.7%
Side Show Freaks (1999)
40 Below Summer
27.4%
Blacklistt (2013)
Blacklistt
27.1%
Count Your Blessings (2006)
Bring Me the Horizon
27.1%
Carajo (2002)
Carajo
26.5%
Raging Speedhorn (2000)
Raging Speedhorn
26.4%
From Zero EP (1999)
From Zero
26%
New Found Power (2004)
Damageplan
25.7%
The Fake Sound of Progress (2000)
Lostprophets
25.7%
maNga
Manga
25.1%
In the Skin (1997)
36 Crazyfists
23.9%
Proud Like a God (1997)
Guano Apes
23.9%
Letters from Chutney (1995)
Finger Eleven
22.7%
Industrial (1991)
Pitchshifter
22.7%
End of Silence (2006)
Red
22.7%
...An Education in Rebellion (2000)
The Union Underground
22.7%
Healing (2001)
Ünloco
22.7%
Lost Angel (2002)
3rd Strike
21.6%
Letting Go (2002)
Earshot
21.2%
Deaf Dumb Blind (1993)
Clawfinger
20.9%
Elect the Dead (2007)
Serj Tankian
20.1%
Evolve (v3.0) (2001)
Endo
19.8%
Mis•an•thrope (2017)
Ded
19%
Snappin' Necks (1995)
Stuck Mojo
19%
Lemonade and Brownies (1995)
Sugar Ray
18.7%
Mankind (1999)
Factory 81
18.3%
The Artificial Theory for the Dramatic Beauty (2009)
Crossfaith
17.9%
Light It Up (2008)
Rev Theory
17.9%
Welcome to the Real World (2001)
Sick Puppies
17.9%
Goodbye to the Gallows (2007)
Emmure
17.7%
Smile (2016)
Cane Hill
17.6%
Untitled (2002)
Five Pointe O
17.6%
Laced (1999)
Reveille
17.6%
One Good Turn Deserves Another (1997)
Slaves on Dope
17.6%
Topsy-
Turvy (2002)
The Apex Theory
17.1%
Commencement (2002)
Deadsy
17.1%
Everything You Ever Wanted to Know About Silence (2000)
Glassjaw
17.1%
E-
lux (1997)
Human Waste Project
17.1%
America Now (1994)
Godhead
16.8%
Within (1999)
Apartment 26
16.5%
Themata (2005)
Karnivool
16.5%
Available in All Colors (1998)
One Minute Silence
16.5%
Volume 1 (1999)
CKY
16.5%
New Killer America (2001)
Skrape
16.5%
Gauze (1999)
Dir En Grey
15.9%
Escape from Cape Coma (2003)
Twisted Method
15.8%
Bound, Gagged and Blindfolded (1997)
Skinlab
15.4%
Disconnected (2002)
Dry Cell
15.3%
A Cruel World (2005)
Bloodsimple
15%
Too Much Happiness Makes Kids Paranoid (1998)
Linea 77
15%
Man with a Mission (2011)
Man with a Mission
15%
Mercuric (2001)
Element Eighty
15%
The Lonely Position of Neutral (2002)
Trust Company
15%
Slave (1994)
Amen
14.7%
Perfect Self (2001)
Stereomud
13.9%
Between Here & Lost (2013)
Love and Death
13.6%
Debut Album
Band
% Correct
Justifide EP (1999)
Justifide
13.3%
Keçkispasse? (1999)
Pleymo
13.2%
Never a Dull Moment (2002)
Tommy Lee
12.8%
Violence & Destruction (2014)
Islander
12.7%
Hooked (1989)
Vanilla Ice
12.5%
My Story (2004)
Wicked Wisdom
12.5%
Two Angels and a Dream (2003)
Depswa
12.4%
East West Demo -
Not For Resale EP (1995)
East West
11.8%
The Cleansing (2007)
Suicide Silence
11.7%
Bless the Martyr and Kiss the Child (2002)
Norma Jean
11%
Ungod (1994)
Stabbing Westward
11%
That's What People Do (1997)
Thousand Foot Krutch
11%
.01 (1998)
Crossbreed
10.9%
Coll:set (2005)
D'espairsRay
10.9%
Soma (2004)
Eths
10.9%
To Create A Cure (2012)
My Ticket Home
10.6%
You Had Me at Hello (2003)
Bury Your Dead
10.3%
Adjust Then Control (2003)
Twin Method
10.3%
Let Go (2001)
38th Parallel
10%
Music For The Last Day Of Your Life (2002)
Dragpipe
9.9%
Day One (2016)
From Ashes to New
9.9%
The Rhapsody Tapes (2017)
Ocean Grove
9.9%
Disorder (2004)
The Gazette
9.7%
Time to Move (1994)
H-Blockx
9.7%
Big Picture Lies (2000)
Sunk Loto
9.5%
Peligroso (1992)
Hamlet
9.4%
Nada é tão novo, Nada é tão velho (1993)
Oficina G3
9.2%
4th Degree Burn (1999)
Slapshock
9.2%
Page Avenue (2003)
Big Blue Monkey
9.1%
One Inch God (2001)
Defenestration
9.1%
Rightside Up (2000)
Exilia
8.8%
Metamorphosis (1999)
Pillar
8.8%
Headspace (2002)
Pulse Ultra
8.4%
Sombres efforts (2002)
AqME
8.3%
Mechanical Spin Phenomena (2003)
Mnemic
8.3%
Just Move It (1995)
E.Town Concrete
8.1%
Outside the Box (2016)
Hacktivist
8.1%
Candycanes and Razorblades (1997)
Lollipop Lust Kill
8.1%
L'Oeuf (1993)
Lofofora
8%
A.S.A. Crew (1999)
Maximum the Hormone
8%
Saints (2006)
Destroy The Runner
7.4%
Twilight (1999)
Nocturne
7.4%
All Is Not Well (1996)
Tura Santana
7.3%
Vereor Deus, Non Dogma (2014)
Mayfly
7.1%
Meantime Between Failures (2000)
Fingertight
7%
Rookey (2000)
Rize
7%
As the Sun Sleeps (2017)
Invidia
6.6%
Another Cross II Bare (1996)
Kill II This
6.5%
The Death Card (2013)
Sworn In
6.2%
To Whom It May Concern (2014)
Sylar
6.2%
Business Up Front/
Party in the Back (2006)
Family Force 5
6.2%
Fake Reality (2011)
Eldrine
5.9%
Affliction (1996)
Econoline Crush
5.9%
On Your Feet (1997)
Spoken
5.9%
No Reason to Smile (1996)
Fury Of Five
5.6%
Melee (2003)
Gizmachi
5.6%
Gaia (2005)
Kells
5.6%
The Prize Recruit (2001)
Superheist
5.5%
Consequences of Disobedience (2002)
Velcra
5.1%
Speak and Destroy (1999)
My Ruin
5%
Gasping for Hope (2006)
Since October
4.8%
Stand (2007)
The Letter Black
4.4%
Le Bien-
être et la Paix (1997)
Mass Hysteria
4.4%
The New Psychodalia (2011)
Jeffrey Nothing
4.4%
Un Nouvel Orage (2005)
Vegastar
4.4%
Resonance (2002)
Mad at Gravity
4.1%
Becoming Something Else (2002)
SugarComa
4%
Chaos (2016)
Unlocking the Truth
4%
Into the Light: The Testimony (2007)
Brian Welch
4%
People Over Profit (2002)
Stray from the Path
3.7%
****' Demo (2000)
Sw1tched
2.6%
Power of a Woman (1990)
Tairrie B
2.6%
The Blitz
Thebandwithnoname
2.6%
Quiz Playlist
Details
Report
Send in Message
Add To Playlist
Classic:
Type in answers that appear in a list
Last Updated: Jul 18, 2020
Quiz Scoreboard
CHALLENGE
Sign Up to Join the Scoreboard
Show All
Scores
Hide
Comments
May contain spoilers
Recently Published
An Introduction to Baseball
by treessimontrees
Sports
5m
Movies - When Are They Set?
by FPL_Elf
Movies
5m
Popular People in 1961
by mucciniale
History
6m
More to Explore
Quiz From the Vault
Featured Blog Post
Where Did the Easter Bunny Come From?
hide this ad
You Might Also Like...
Tags
Album Quiz
Artist Quiz
Bands Quiz
metal
nu-metal
Today's Top Quizzes in Music
Browse Music
hide this ad
Today's Top Quizzes in Artist
Browse Artist
Top Contributed Quizzes in Music
1
Taylor Swift All Songs (2024)
2
2010s Album by Cover III
3
Guess the Artist- 70s Songs
4
One Thing in Common: Music
5
Taylor Swift Logic Puzzle
6
Guess the Taylor Swift song (Mystery Song)
7
2010s Album by Cover IV
8
2010s Album by Cover V
9
KPOP LOGIC QUIZ
10
Kpop Logic Quiz
Explore More
Trending Topics
NBA
Harry Potter
Marvel
Anime
Disney
Kpop
Crossword
Soccer
Country
Puzzle
Pokémon
NFL
The Office
Song
WWE
hide this ad
More By:
csb93
Quiz
Plays
Rating
Category
Featured
Created
Nu Metal Bands
339
Music
Jan 25, 2016
Grunge Bands
131
5.00
Music
Jan 25, 2016
Alternative Metal Bands
113
5.00
Music
Jan 25, 2016
Demonyms: Europe
103
2.50
Geography
Jan 24, 2016
BlazBlue: Calamity Trigger Characters
101
5.00
Gaming
Dec 21, 2015
Go to Creator's Profile
Score Distribution
Quiz Creator Spotlight
csb93
Follow
Send a Message
Quizzes Created
-
Created Quiz Play Count
-
More By This Creator
Popular Quizzes Today
1
Find the Countries of Europe - No Outlines Minefield
2
Find the US States - No Outlines Minefield
3
The Countries of the World
4
Popular People in 1961
5
US States
6
1-10 Letter E Words III
7
Find the US States
8
One Thing in Common: World Cities II
More Music Quizzes
Beginning Song Titles III
Published
Trending Quizzes
Risky Map Clicking: Least Populous States A-Z
1-10 Letter F Words
1-10 Letter G Words
One Thing in Common: United Kingdom
Risky Map Clicking: Next State Alphabetically
Recently Updated
Leaping Animals
pecheneg
Reality TV Shows (A-Z)
bhenderson79
Rickey Henderson's Hall of Fame Teammates
pecheneg
Champions League XIs: Arsenal
pecheneg
Quick Pick: Celebrities in WWE's Hall of Fame
aduchscher
A-Z Keypad Blitz II
pecheneg
Multiple Oscar Actors
pecheneg
Mystery Phrase Blitz: Oscar 'Best Actors'
pecheneg
F. Scott Fitzgerald Novels
LTH
Pick 3 Villains
ddd62291
Trending Topics
NBA
Disney
Anime
Harry Potter
Marvel
Crossword
Kpop
Soccer
WWE
The Office
Country
Song
NFL
Pokémon
Puzzle
Your Account Isn't Verified!
In order to create a playlist on Sporcle, you need to verify the email address you used during registration. Go to your
Sporcle Settings
to finish the process.
Report this User
Report this user for behavior that violates our
Community Guidelines
.
Details:
Send Report
Go to the Sporcle.com Mobile Site →
Comments